| 000 | 01803cam a2200241 i 4500 | ||
|---|---|---|---|
| 020 | _a3319151649 (hbk : alk. paper) | ||
| 020 | _a9783319151649 (hbk : alk. paper) | ||
| 082 | 0 | 0 |
_a388.3142 _bFAL _cNUST-02-p-99 |
| 100 | 1 |
_aFalcocchio, John C., _951730 |
|
| 245 | 1 | 0 |
_aRoad traffic congestion : _ba concise guide / _cJohn C. Falcocchio, Herbert S. Levinson. |
| 250 | _a1st ed. | ||
| 260 |
_aNew York:. _bSpringer _c2015 |
||
| 300 |
_axxiv, 401 pages : _billustrations (some color) ; _c24 cm. |
||
| 490 | 1 | _aSpringer tracts on transportation and traffic, | |
| 520 | _aThis book on road traffic congestion in cities and suburbs describes congestion problems and shows how they can be relieved. The first part (Chapters 1 - 3) shows how congestion reflects transportation technologies and settlement patterns. The second part (Chapters 4 - 13) describes the causes, characteristics, and consequences of congestion. The third part (Chapters 14 - 23) presents various relief strategies - including supply adaptation and demand mitigation - for nonrecurring and recurring congestion. The last part (Chapter 24) gives general guidelines for congestion relief and provides a general outlook for the future. The book will be useful for a wide audience - including students, practitioners and researchers in a variety of professional endeavors: traffic engineers, transportation planners, public transport specialists, city planners, public administrators, and private enterprises that depend on transportation for their activities. | ||
| 526 |
_a0 _b0 _c0 _d388_314200000000000_FAL |
||
| 650 | 0 |
_aTraffic congestion. _951731 |
|
| 650 | 0 | _aTraffic engineering. | |
| 650 | 7 |
_aTraffic congestion. _951731 |
|
| 650 | 7 |
_aTraffic engineering. _951732 |
|
| 700 | 1 |
_aLevinson, Herbert S., _938723 |
|
| 942 |
_2ddc _cBK |
||
| 999 |
_c554284 _d554284 |
||